[Event "SUI-chT"]
[Site "Switzerland"]
[Date "1995.??.??"]
[Round "9"]
[White "Donev, Ivo Hristov"]
[Black "Toth, Bela"]
[Result "1/2-1/2"]
[WhiteElo "2385"]
[BlackElo "2400"]
[Annotator "Donev,I"]
[PlyCount "82"]
[EventDate "1995.??.??"]
[EventType "team-tourn"]
[EventRounds "9"]
[EventCountry "SUI"]
[SourceTitle "CBM 049 Extra"]
[Source "ChessBase"]
[SourceDate "1996.01.01"]
[SourceVersion "1"]
[SourceVersionDate "1996.01.01"]
[SourceQuality "1"]

1. e4 {Kortschnoj} e5 2. Nf3 Nf6 {Mir war bekannt, daß IM Bela Toth Spezialist
in der Russischen Verteidigung ist. Darum wählte ich eine ruhige positionelle
Variante, die mir einen ganz kleinen Vorteil verschaffte und mehr mit der
Französischen-Abtauschvariante als mit Russisch zu tun hatte.} 3. Nxe5 d6 4.
Nf3 Nxe4 5. d3 Nf6 6. d4 {Dies ist die Stellung, die ich zu Hause analysiert
habe. Wenn jetzt der Nachziehende 6...d5 spielt, dann bekommen wir mit
Zugumstellung die Französische-Abtauschvariante C01 (1.e4 e6 2.d4 d5 3.ed5 ed5
4.Nf3 Nf6). Natürlich ist 6...Ne4 nicht gut, weil wir nach 7.Bd3 d5 die
normale Variante in der russischen Verteidigung bekommen, aber mit einem Tempo
mehr für Weiß! Schwarz wählte die dritte Möglichkeit - schnelle Entwicklung,
ohne den d-Bauern zu ziehen.} Be7 7. Bd3 O-O 8. h3 $146 {Mit folgender Absicht:
Vermeidet ...Bg4; bereitet die Entwicklung Bf4 vor (nach ...Nd5 hat Weiß den
Abzug Bh2); nach 0-0 hat der weiße Monarch ein sogenanntes Luftloch auf h2.} (
8. O-O Bg4 9. Bf4 Nbd7 10. Nbd2 Nd5 11. Bg3 Bg5 12. c4 Nf4 13. Bxf4 Bxf4 14.
Qc2 Nf6 $10 {Lisek,J-Federau,J/BL2-N 9192 (1991) ;BL2 1992}) 8... c6 9. O-O Na6
{Es droht 10...Nb4 11.Be2 Bf5 mit angenehmem schwarzem Spiel.} 10. c3 Nc7 11.
Bf4 b6 {Welche Figur würden Sie jetzt weiterentwickeln? Den Damenspringer, den
Turm oder die Dame? Es ist wichtig, bei der Eröffnungsentwicklung jeden Zug
mit Verständnis auszuführen. Aus eigener Erfahrung habe ich folgende
universale praktische Regel festgestellt: 1. Entwickle in der Eröffnung die
eigenen Figuren harmonisch in Richtung Zentrum! 2. Entwickle zuerst die
Figuren, die weniger Möglichkeiten haben, so bleiben die Figuren mit mehreren
Möglichkeiten offen für die spätere Entwicklung, dies kann dann unangenehmer
für den Gegener werden.} 12. Re1 $1 {Für mich war klar, daß ich früher oder
später die e-Linie besetzen muß. Der Rf1 ist die Figur, die weniger
Möglichkeiten hat, darum entwickelte ich ihn zuerst. Der Nb1 hat folgende
Entwicklungsmöglichkeiten: a)Nach c3-c4, Nb1-c3 b)Nbd2 und c)Na3-c2. Die Dame
zieht auf Qd2, Qc2 oder sogar Qb3.} Bb7 13. Nbd2 Re8 14. Qc2 h6 {Alle weißen
Steine sind schon harmonisch im Zentrum (1. bis 4. Reihe) entwickelt. Der
Nachziehende ist auch voll entwickelt, steht aber ein wenig passiv auf den
letzten 3 Reihen, aber ohne Schwäche. Die Qd8 hat kein günstiges Feld (z.b.
nach Qd7 folgt Bf5). Das schwarze Läuferpaar ist klar passiver entwickelt als
im Vergleich seine weißen Kollegen. Also: die weiße Stellung ist leicht besser.
Wie ist der richtige weiße Plan? Es ist klar, daß der Anziehende keinen Grund
für einen Königsangriff hat. Das bedeutet, Weiß sollte durch einen
Bauernmarsch mehr Raum am Damenflügel gewinnen und dort versuchern, die
Initiative zu erreichen.} 15. a4 (15. Re2 Nfd5 16. Bg3 Ne6 {/\Nf4} 17. Bc4 (17.
Bh7+ Kh8 18. Bf5 Bc8 19. Rae1 Nef4 $10) 17... Nef4 (17... Ndc7 18. Rae1 d5 19.
Bd3 $14) 18. Ree1 Qd7 $10 {/\Bf8}) (15. c4 d5 $1 $10 (15... c5 $5 16. d5 b5 17.
b3 $14 {Weiß hat Raumvorteil, und der Läufer b7 ist am Damenflügel isoliert.}))
15... c5 $1 {Der Läufer b7 atmet auf.} (15... a5 16. c4 (16. Nc4 Ne6 17. Bh2 c5
$13) 16... d5 17. b3 $14) 16. Bh2 {Weiß bereitet im günstigsten Moment b2-b4
vor und vermeidet den Doppelangriff Nd5.} Bf8 17. dxc5 (17. b4 cxb4 18. cxb4
Rc8 19. Bf5 Ne6 $10) 17... Rxe1+ (17... dxc5 18. Ne4 (18. Rxe8 $5 Ncxe8 19. Re1
) (18. Ne5 $5 {/\Bc4}) 18... Nxe4 19. Bxe4 Bxe4 20. Rxe4 Rxe4 21. Qxe4 $14) 18.
Rxe1 bxc5 19. b4 cxb4 (19... d5 20. bxc5 Bxc5 21. Nb3 $14) 20. cxb4 Na6 21. Qb1
d5 22. Bxa6 Bxa6 {[%csl Gd4] [#] In der Diagrammstellung hat Weiß die
Bauermehrheit am Damenflügel, dafür besitzt Schwarz den Läuferpaarvorteil und
den Zentralfreibauern d5. Der Anziehende hat drei wichtige Aufgaben: a) Den
schwarzen Freibauer so schnell wie möglich mit einer Leichtfigur zu blockieren.
b) Einen Freibauer am Damenflügel zu bilden. c) Wenn es möglich ist, das
Läuferpaar zu neutralisieren durch Abtausch des schwarzfeldrigen Läufers. Mit
welcher Figur würden Sie den Zentralbauern blockieren?} 23. Be5 $1 {[%csl Gd4]}
Bb7 24. Bd4 $1 {[%csl Gd4][%cal Rd4f6,Rd4b6,Gd4f2,Gd4a1] [#] Von diesem
Zentralfeld aus erfüllt der weiße Läufer mehrere Aufgaben: Er blockiert den
schwarzen Trumpf d5, der den Bb7 einschränkt; greift den schwachen Bauern a7
an; greift den schwarzen Königsflügel an (und Nf6) und deckt den eigenen
Königs- und Damenflügel.} Ne4 $1 {Besetzt den Zentralvorposten.} 25. Rc1 {
Der Turm hat keine Wirkung mehr auf der e-Linie.} Rc8 26. Rxc8 (26. Bxa7 $2 Nc3
27. Qd3 Ne2+ $1 $19) 26... Qxc8 27. Qb2 $1 (27. Bxa7 $2 Qa8 28. Bd4 Qxa4 $17) (
27. b5 Nc3 $1 $15) 27... a6 28. Ne5 (28. b5 $5 Nc5 29. Qc2 $14) 28... Qe8 (
28... Nxd2 $5 29. Qxd2 Qe8 30. a5 Bc6 (30... Qb5 31. Nd3 $13 {/\Bc5}) 31. Nxc6
Qxc6 32. Qc3 Qb5 33. Bc5 $10) 29. Nxe4 (29. a5 Qb5 $15) 29... dxe4 30. b5 Qe6
31. Qc3 {Bereitet Nc6 vor.} axb5 32. axb5 Bd5 33. Nc6 f6 {In diesem Moment
befanden sich beide Seiten in Zeitnot. Darum spielte ich schnell:} 34. Nb4 $6 {
Nach der Partie sagte mir mein Mannschaftskollege GM Viktor Kortschnoj: Warum
hast du nicht 34.Bc5! gespielt? So tauschst du die schwarzfarbigen Läufer,
danach sind die weiße Dame und der Springer stärker (bessere Harmonie) als die
schwarze Dame und der Läufer. Außerdem hat Weiß einen starken entfernten
Freibauer. Der Nachziehende darf auf c6 auf keinen Fall schlagen, weil Weiß
sonst einen noch stärkeren Freibauern bekommt. Außerdem stellt Weiß nach 34.
Bc5 eine Falle: 34...Bc6 35.bc6 Qc6?, und jetzt folgt ein Zwischenzug: 36.Qb3+,
und nach jedem Königszug verliert Schwarz den ungedeckten Bf8.} (34. Bc5 $1 {
[%cal Rc5f8] [#]} f5 (34... Bxc6 $2 35. bxc6 Bxc5 (35... Qxc6 $2 36. Qb3+ $18)
36. Qxc5 Kf7 37. c7 Qc8 38. Qd6 Ke8 39. g4 $18) (34... Qd7 35. Qb4 (35. Qa3 Qe8
) 35... Bxc5 36. Qxc5 $14 {/\Qd5 nebst Ne7}) (34... Bd6 35. Bxd6 Qxd6 36. Qd4
$16 {/\Qd5 nebst Ne7;oder Nb4}) 35. Qa3 $1 Bxc5 36. Qxc5 $14) 34... Bb7 35. Bc5
Bd6 36. Bxd6 (36. Nc6 $2 Bxc6 37. bxc6 Be5 $17 {/\Qc6}) (36. Nc2 $5 Qe5 37.
Qc4+ Kf8 38. Bxd6+ Qxd6 39. Ne3 $14) 36... Qxd6 37. Qc4+ (37. Nc6 $142 $14)
37... Kf8 38. Nc6 {Das Dauerschach ist unvermeidlich.} Qd1+ 39. Kh2 Qd6+ 40.
Kg1 (40. g3 e3 $1 41. fxe3 Qd2+ 42. Kg1 Qxe3+ 43. Kg2 $10) 40... Qd1+ 41. Kh2
Qd6+ {IM Ivo Donev} 1/2-1/2

[Event "Nanjing Pearl Spring 3rd"]
[Site "Nanjing"]
[Date "2010.10.29"]
[Round "9"]
[White "Bacrot, Etienne"]
[Black "Wang, Yue"]
[Result "1/2-1/2"]
[WhiteElo "2716"]
[BlackElo "2732"]
[Annotator "Edouard,R"]
[PlyCount "54"]
[EventDate "2010.10.20"]
[EventType "tourn"]
[EventRounds "10"]
[EventCountry "CHN"]
[EventCategory "21"]
[SourceTitle "CBM 139"]
[Source "ChessBase"]
[SourceDate "2010.11.18"]
[SourceVersion "1"]
[SourceVersionDate "2010.11.18"]
[SourceQuality "1"]
[TimeControl "40/7200:20/3600:900+30"]

1. e4 e5 2. Nf3 Nf6 3. Nxe5 d6 4. Nf3 Nxe4 5. d4 d5 6. Bd3 Nc6 7. O-O Be7 8.
Nc3 Nxc3 (8... Bf5 $5 {is another fashionable possibility. There follows 9.Qe1
or 9.Re1.}) 9. bxc3 Bg4 (9... O-O 10. h3 $1 {is just better for White: Black's
white-squared bishop is lacking potencial and White has some free play on the
kingside.}) 10. Re1 O-O 11. Bf4 Bh5 $5 (11... Bd6 12. Bxd6 Bxf3 (12... cxd6 $5
13. Re3 $1 {and Black got problems every time, facing both Qe2/Re1 ideas and
Rb1-Rb5 ideas. Still, I believe this should also be critical.}) 13. Qxf3 (13.
Bxc7 Bxd1 14. Bxd8 Bxc2 $11) 13... Qxd6 14. Re3 $1 {and the last important
game on this line was the following:} Rae8 15. Rae1 Rxe3 16. Rxe3 g6 17. h4 Nb8
18. h5 Nd7 19. g4 Nf6 20. h6 Kh8 21. Re5 c6 22. c4 Ng8 23. Qe3 dxc4 24. Bxc4 g5
25. Rxg5 Nxh6 26. Qe4 f6 27. Rh5 f5 28. gxf5 Nxf5 29. Be6 Qxd4 30. Rxh7+ {
1-0 Leko,P (2751)-Kasimdzhanov,R (2695)/Nalchik RUS 2009}) 12. Rb1 Rb8 {
Better not to weakness anything.} 13. Qe2 Bd6 14. Qe3 Qd7 $1 (14... Bxf4 15.
Qxf4 Bxf3 16. Qxf3 Qd6 {This position is similar to the game Leko-Kasimdzhanov
mentioned above. Actually, even exactly the same, with Rb1 and ...Rb8 moves
included!} 17. Re3 g6 18. h4 Kg7 19. h5 Rfe8 20. Rbe1 Rxe3 21. Qxe3 a6 22. a4
Qa3 23. Be2 Qd6 24. Bf3 Rd8 25. h6+ Kf8 26. c4 Qf6 27. Qa3+ Qd6 28. Qe3 Qf6 29.
Qa3+ Qd6 30. Qc3 Qb4 31. Qxb4+ {1/2-1/2 Sasikiran,K (2677)-Wang,Y (2698)/
Vishakapatnam IND 2008}) 15. Ng5 $146 {An interesting try, but apparently a
draw by force. Sometimes (often?) the opponent knows or finds the best defense,
what can you do?} (15. Ne5 Bxe5 16. dxe5 Bg6 17. Bxg6 hxg6 18. Rbd1 Qe6 19. Bg5
Rbe8 20. Qd2 Nxe5 21. Bf4 Qf5 22. Bxe5 Rxe5 23. Rxe5 Qxe5 24. Qxd5 Qxc3 25.
Qxb7 Qxc2 26. Qb3 Qxb3 27. axb3 Rb8 28. Rd3 Kf8 29. Rc3 Rb7 30. Re3 Rb6 31. Kf1
Re6 32. Rc3 c6 33. Rc4 Ke8 34. Rd4 Re5 35. h4 Ke7 36. g3 Ke6 37. Kg2 Rb5 38.
Rd3 a5 39. g4 Rd5 40. Rf3 Rd4 41. Kg3 c5 42. Re3+ Kd7 43. f3 Rb4 44. f4 Kc6 45.
h5 gxh5 46. gxh5 Rb7 47. Kg4 Kd5 48. Kf5 Kd4 49. Rg3 f6 50. Kg6 a4 51. bxa4 c4
52. f5 c3 53. Rg1 c2 54. Rc1 Kc3 55. h6 gxh6 56. Kxf6 Kd2 57. Rh1 c1=Q 58. Rxc1
Kxc1 59. a5 Ra7 60. Kg6 Rxa5 61. f6 Ra6 {0-1 Smeets,J (2651)-Gelfand,B (2750)/
FRA 2010}) 15... h6 16. Nh3 Bg4 $5 17. Qg3 Bxh3 18. Bxd6 cxd6 19. Qxh3 (19.
gxh3 Rbe8 {is just OK for Black.}) 19... Qxh3 20. gxh3 Rfd8 21. Rb5 Kf8 22.
Reb1 (22. Rxd5 Rbc8 {probably makes almost no difference.}) 22... b6 23. Rxd5
Rbc8 24. c4 Ke7 25. Re1+ Kf8 26. Rb1 Ke7 27. Re1+ Kf8 {White is up a pawn, but
we must just have a glance at the right side of the board (plus doubled
c-pawns) to understand that Black enjoys full compensation.} 1/2-1/2

[Event "Tata Steel-A 81st"]
[Site "Wijk aan Zee"]
[Date "2019.01.22"]
[Round "9"]
[White "Nepomniachtchi, Ian"]
[Black "Vidit, Santosh Gujrathi"]
[Result "1-0"]
[WhiteElo "2763"]
[BlackElo "2695"]
[Annotator "Fernandez,D"]
[PlyCount "73"]
[EventDate "2019.01.12"]
[EventType "tourn"]
[EventRounds "13"]
[EventCountry "NED"]
[EventCategory "21"]
[SourceTitle "CBM 188"]
[Source "ChessBase"]
[SourceDate "2018.12.21"]
[SourceVersion "1"]
[SourceVersionDate "2018.12.21"]
[SourceQuality "1"]

1. e4 e5 2. Nf3 Nf6 3. Nxe5 d6 4. Nd3 Nxe4 5. Qe2 Qe7 6. Nf4 {Continuing a
bizarre fashion from the World Championship match, though it must be said that
trying to find an advantage in this position is a thankless task. Therefore,
you have to respect Nepomniachtchi (also a pioneer of the 5.Bd3 Petroff) for
trying.} Nc6 {Likewise. I'm not certain what's wrong with ...Nf6 or ...c6.} (
6... Nf6 7. Nc3 (7. d4 Qxe2+ 8. Bxe2 Bf5 $11) 7... c6 {would be my choice.} 8.
f3 {and now one high-level game went} g5 $5 (8... Qxe2+ 9. Bxe2 d5 10. d4 Bd6
$11) 9. Nd3 Be6 10. b3 Bg7 11. Bb2 Nbd7 12. O-O-O h6 13. Qf2 Ne5 $16 {with an
extremely original mess in Ganguly,S-Abasov,N Ulaanbaatar 2018}) 7. c3 Nc5 8.
d4 Qxe2+ 9. Bxe2 Ne6 10. d5 {Usually something has gone wrong if White has
gained tempi and achieved d5 in such positions. The Petroff is so solid that
Black is fine anyway, though. The problem, rather, lay in what happened if
White didn't rush d5.} (10. O-O {doesn't leave Black many good options for
development. The main one that makes sense is} Nxf4 11. Bxf4 Be6 12. Bf3 $14 {
but here I would award White a little something, mostly because he does still
have ways to force through the d5-break, at a moment of his choosing.}) 10...
Nxf4 11. Bxf4 Ne5 {Black is fine now.} 12. Na3 Bf5 13. Nb5 O-O-O $5 {
Sacrificing this pawn does not seem to have been entirely needed, though it is
in principle fine.} (13... Kd7 14. O-O-O a6 15. Nd4 Be4 $11) 14. Nxa7+ Kb8 15.
Nb5 Nd3+ 16. Bxd3 Bxd3 17. a4 (17. Nd4 Bc4 {regains the pawn.}) 17... Bc4 (
17... Re8+ 18. Be3 Bc4 19. O-O-O Bb3 20. Rd2 g6 {is probably no worse a
version than the next note.} (20... Re5 $5)) 18. O-O-O Bb3 19. Rd2 $1 Bxa4 ({
Bizarrely, the key to Black's position probably lay in the classy} 19... Re8 $1
20. a5 g6 $44) 20. Nd4 {Now this is a little hard to play for Black, mostly
because of the imminent mate threats.} Be7 $1 {Black recognises that the
priority is to exchange off the knight on d4.} 21. b3 Be8 $1 ({In the similar
line} 21... Bd7 22. Ra2 Bf6 23. Kd2 Bxd4 24. Rha1 $16 {Black's king lacks a
flight-square on d7 and probably perishes.}) 22. Ra2 Bf6 23. Rd1 (23. Be3 $14)
23... Bxd4 24. Rxd4 Bd7 25. c4 b6 26. b4 Kb7 $2 ({The even calmer response} 
26... Rhe8 27. c5 Bb5 $1 {was needed in order to fully neutralise White's
advantage. White cannot give mate with a single rook, and there isn't time to
keep both rooks AND double them.} 28. Be3 dxc5 29. bxc5 bxc5 30. Rf4 Bd3 31.
Rxf7 Rxd5 $13 {Black's pieces have acheived a measure of co-ordination.}) 27.
c5 dxc5 28. bxc5 c6 29. cxb6 cxd5 30. Be3 $1 $16 {When playing Kb7, Black must
have underestimated this quiet move.} (30. Rxd5 Be6 31. Rxd8 Rxd8 $14 {is
dangerous, but nowhere near as dangerous as the game.}) (30. Rb4 {is just
misguided:} Ra8 $11) 30... Ra8 31. Ra7+ Rxa7 32. bxa7 Bc6 33. Rg4 ({Engines
start speaking of wins which begin} 33. Rf4) 33... Rg8 34. Kd2 Kc7 $2 {Now the
position becomes definitely lost, due to immediate Rb8 and Bb8-type tactics.}
35. Rb4 $1 Bb7 (35... Ra8 36. Bf4+ Kc8 37. Bb8 $18 {is not really worth
playing on}) (35... Kd7 36. Rb8 Rc8 37. Bd4 g6 38. Ke3 Re8+ 39. Kd3 Rc8 40. f3
Re8 41. Bb2 $18 {Black can prevent White's king from reaching the kingside,
but cannot simultaneously prevent tactics based on Kc5 and perhaps Rb6xc6.})
36. Bb6+ Kc6 37. Ba5 {The bishop is lost.} 1-0

[Event "Dortmund SuperGM 37th"]
[Site "Dortmund"]
[Date "2009.07.11"]
[Round "9"]
[White "Jakovenko, Dmitrij"]
[Black "Kramnik, Vladimir"]
[Result "1/2-1/2"]
[WhiteElo "2760"]
[BlackElo "2759"]
[Annotator "Fier,A"]
[PlyCount "112"]
[EventDate "2009.07.02"]
[EventType "tourn"]
[EventRounds "10"]
[EventCountry "GER"]
[EventCategory "20"]
[SourceTitle "CBM 131"]
[Source "ChessBase"]
[SourceDate "2009.07.15"]
[SourceVersion "1"]
[SourceVersionDate "2009.07.15"]
[SourceQuality "1"]

1. e4 e5 2. Nf3 Nf6 3. Nxe5 d6 4. Nf3 Nxe4 5. d4 d5 6. Bd3 Bd6 7. O-O O-O 8. c4
c6 9. Qc2 Na6 10. a3 Bg4 11. Ne5 Bxe5 12. dxe5 Nac5 13. f3 Nxd3 14. Qxd3 Nc5
15. Qd4 Nb3 16. Qxg4 Nxa1 17. Bh6 g6 18. Nc3 Qb6+ 19. Kh1 {When Kramnik played
this line against Bacrot some rounds earlier, I was wondering what he would do
against 19.Kh1... To me, this is the critical test for Black. Als Kramnik
dieses Abspiel einige Runden zuvor gegen Bacrot anwandte, fragte ich mich, was
er wohl gegen 19.Kh1 tun würde... Für mich ist dies der kritische Test für
Schwarz.} (19. Rf2 Rfe8 20. Qf4 Qc7 21. Re2 Re6 22. b4 {was Bacrot - Kramnik
which ended in draw. war die Partie Bacrot - Kramnik, welche remis endete.})
19... Qxb2 20. Qf4 f6 $2 {For some reason, this move is played more often than
20...f5, but I think that after this Black is just lost! Aus irgendeinem Grund
wird dieser Zug häufiger gespielt als 20...f5, aber ich glaube, dass Schwarz
danach einfach verloren ist!} (20... f5 {is better, and after ist besser, und
nach} 21. Na4 Qe2 22. Rxa1 Rfe8 23. cxd5 cxd5 24. Qb4 Qxe5 25. Rg1 b6 26. Bf4
Qe2 27. Nb2 $13 {there are chances for both sides. gibt es Chancen für beide
Seiten.}) 21. Na4 $2 {Now Black is alive again... Jetzt lebt Schwarz wieder...}
(21. e6 $1 {A stunning move! Ein verblüffender Zug!} Qxc3 (21... Qb6 22. Bxf8
Rxf8 23. cxd5 $18) 22. Qd6 $1 (22. Qc7 $6 {looks dangerous, but only leads to
draw after sieht gefährlich aus, führt aber nur zum Remis nach} f5 23. Bxf8
Rxf8 24. cxd5 Qc4 (24... Nb3 25. e7 Re8 26. Qd7 Kf7 27. Qe6+ Kg7 28. Qd7 Kf7
$11) 25. Rxa1 Qxd5 26. Qxb7 (26. Re1 c5) 26... Qxe6 27. Qxa7 $11) 22... Nb3 (
22... Qxc4 23. Rxa1 Qh4 (23... Qd4 24. Rg1 f5 25. e7 Rfe8 26. Qe6+ Kh8 27. Qf7
$18 {[%cal Gh6g5,Gg5f6]}) 24. Bxf8 Rxf8 25. Qd7 Qd4 26. Rg1 Qe5 27. e7 Rb8 28.
f4 $1 $18) 23. Qd7 f5 24. e7 (24. Bxf8 Rxf8 25. e7 {is an option. ist eine
Option.}) 24... Nc5 (24... Rfe8 25. Qe6+ Kh8 26. Bf4 $18) 25. exf8=Q+ Rxf8 26.
Qe7 Qf6 27. Qxc5 $18 {was surprisingly played before in the game Nevio,J -
Peunariemi,P corr 2002! wurde überraschenderweise zuvor gespielt, und zwar in
der Partie Nevio,J - Peunariemi,P corr 2002!}) 21... Qc2 22. Rxa1 (22. Bxf8
Rxf8 23. cxd5 fxe5 24. Qxe5 Qxa4 25. Rxa1 cxd5 26. Qxd5+ Rf7 {with a drawish
endgame. mit remislichem Endspiel.}) 22... Qxa4 23. e6 Qa5 24. Qd6 (24. cxd5 {
was interesting too, but Black holds without problems after war ebenfalls
interessant, aber Schwarz hält sich ohne Probleme nach} cxd5 25. Bxf8 Rxf8 26.
e7 Re8 $11) 24... Rfc8 (24... Qd8 25. Bxf8 Qxf8 26. e7 Qf7 27. cxd5 Re8 28. Re1
Qxd5 29. Qxf6 $11) 25. Qe7 Qc7 26. Qxf6 Re8 27. Re1 (27. cxd5 {Again this move
was possible. Erenut war dieser Zug war möglich.} Qe7 28. Qe5 Rad8 (28... cxd5
29. Re1 $13) 29. Bg5 Rxd5 30. Qxd5 cxd5 31. Bxe7 Rxe7 32. Re1 Kg7 33. Re5 Kf6
34. Rxd5 Kxe6 {and Black has his king better placed and a queenside pawn
majority that gives him good chances. und Schwarz hat seinen König besser
platziert und eine Bauernmajorität am Damenflügel, die ihm gute Chancen gibt.})
27... Qe7 28. Qe5 dxc4 29. Bg5 Qf8 30. Bf6 b5 31. f4 (31. Rd1 Re7 (31... c3 32.
e7 Qf7 33. Qxc3 $44) 32. Bxe7 Qxe7 33. Rd7 Rd8 $1 34. Qd4 Rxd7 35. Qxd7 Kf8 36.
Qxc6 $11) 31... a5 32. f5 Ra7 33. Re3 $2 (33. h3 {was better... now both
players need to play carefully to equalize. war besser... nun müssen beide
Spieler sorgfältig spielen, um auszugleichen.} Qxa3 {[%cal Ga3d3]} (33... b4 {
leads to an exotic endgame after führt zu einem exotischen Endspiel nach} 34.
fxg6 hxg6 35. axb4 axb4 36. Qg5 Rg7 37. Bxg7 Qxg7 38. Rd1 c3 39. Rd7 c2 40.
Rxg7+ Kxg7 41. Qe5+ Kh7 42. Qc7+ Kh6 43. Qxc6 b3 {and I think there is nothing
better than und ich glaube, es gibt nichts Besseres als} 44. Kh2 Rxe6 45. Qxe6
c1=Q 46. Qxb3 $11) 34. fxg6 hxg6 35. Qe4 Qd3 36. Qxc6 Rf8 37. e7 Rxe7 38. Bxe7
(38. Rxe7 $2 Qf1+ 39. Kh2 Qxf6 $19) 38... Rf1+ 39. Rxf1 (39. Kh2 Rxe1 40. Qe8+
Kh7 41. Qf7+ Kh6 42. Qf8+ Kh7 43. Qf7+ $11) 39... Qxf1+ 40. Kh2 Qf4+ 41. Kh1
Qf1+ $11) 33... b4 $2 (33... Rd7 $1 {A trick which is very hard to see, but
winning. Ein Trick, der sehr schwer zu sehen ist, aber gewinnt.} 34. h3 (34.
exd7 Rxe5 35. Rxe5 Qxf6 36. Re8+ Kg7 37. h3 c3 38. d8=Q Qxd8 39. Rxd8 c2) 34...
Rd5 35. e7 Qf7 36. fxg6 hxg6 37. Qb2 Rf5 38. Bh4 (38. Rf3 Rxf3 39. gxf3 b4 40.
axb4 axb4 41. Qd4 c3 42. Qh4 Qd5 $19 {[%cal Gg8f7,Gf7e6]}) 38... g5 39. Bg3
Rxe7 $19) 34. fxg6 hxg6 35. Qg5 (35. Rg3 Rg7 (35... Qh6) 36. h4 c3 37. Bxg7
Qxg7 38. Qe4 Kh7 39. axb4 axb4 40. h5 Qf6 41. Qxb4 (41. Rxg6 Rxe6 42. Qxb4 Qf1+
43. Kh2 Rxg6 44. hxg6+ Kxg6 45. Qxc3) 41... c2 42. Qd2 Rxe6 43. hxg6+ Kg8 44.
Qxc2 Qh4+ 45. Rh3 Qe1+ 46. Kh2 Qe5+ 47. Rg3 Qh8+ 48. Kg1 Qa1+ $11) 35... Rg7
36. h3 c3 37. Bxg7 Qxg7 38. Qc5 (38. axb4 axb4 39. Rd3 {with the same idea of
33.h3 b4... mit derselben Idee wie 33.h3 b4...} c2 40. Rd7 b3 (40... Rxe6 41.
Rxg7+ (41. Rd8+ Kf7 42. Rd7+ Kg8) 41... Kxg7 42. Qd2 b3 43. Kh2 $11) 41. Rxg7+
Kxg7 42. e7 $11) 38... Qf8 (38... Qf6 39. axb4 axb4 40. Qxc6 Re7 41. Qc4 {
and probably White can hold. und Weiß kann sich wahrscheinlich halten.}) 39. e7
Qf1+ 40. Kh2 Qf4+ 41. Kh1 Qf1+ (41... Kg7 42. axb4 c2 (42... axb4 43. Re6) 43.
Rc3 Qxb4 44. Rxc2 Rxe7 45. Qxc6 $11) 42. Kh2 Qb5 43. axb4 Qxc5 (43... axb4 {
is very dangerous, but ist brandgefährlich, aber} 44. Qd4 $1 c2 45. Qd7 Qb8+
46. Rg3 Kg7 (46... c1=Q $4 47. Qe6+ Kh8 48. Qf6+ Kg8 49. Qxg6+ Kh8 50. Qg7#)
47. Qxc6 {followed by 48.Qxc2 is fine for White. nebst 48.Qxc2 ist in Ordnung
für Weiß.}) 44. bxc5 c2 45. Rc3 Rxe7 46. Rxc2 a4 47. Kg3 Kf7 48. Kf4 Kf6 49.
Ra2 g5+ 50. Kf3 Ra7 51. Ke4 a3 52. Kd4 Kf5 53. Rf2+ Kg6 54. Ra2 Kf5 55. Rf2+
Kg6 56. Ra2 Kf5 {A very tense and exciting game! Eine sehr enge und spannende
Partie!} 1/2-1/2